000 00356nam a2200133Ia 4500
008 240624s9999 xx 000 0 und d
041 _aeng
082 _a658.4038 BLA
100 _aBLAKE CHRIS
245 _aART OF DECISIONS HOW TO MANAGE IN AN UNC
260 _c2008
_aNew Delhi
_bFT Prentice Hall
300 _axiv, : 232 : p. : cm. ; 23
365 _c
_b30
999 _c15122
_d15122